| 000 | 00340 a2200109 4500 | ||
|---|---|---|---|
| 001 | ART_12558 | ||
| 005 | 20260410161907.0 | ||
| 008 | 260409a | ||
| 245 | 1 | 0 | _aA Test of Alternative Methods of Making GNP Comparisons |
| 100 | 1 | _aBarlow, Robin | |
| 773 | 0 |
_tThe Economic Journal _g- Vol. 97, NÂș 347 (set. 1977) _wREV12512 |
|
| 999 |
_c26453 _d26453 |
||